000 00642nam 22001813 4500
001 201861
090 _a201861
100 _a20250918d u||y0pory50 ba
101 _apor
102 _aPT
200 _aEros e flora em Antero
_fJoaquim-Francisco Coelho
300 _aSeparata do livro Congresso Anteriano Internacional - Actas , 14-18, Outubro 1991 Dedicatória do autor na folha de rosto
461 _tSeparata do nº 142/ Outubro-Dezembro 1996
_hp. 127 - 132
606 _93661
_aCrítica Literária.Estudos Literários
700 _917023
_aCoelho
_bJoaquim Francisco
_f1938-2019
801 _aPT
_bBMMN
_gRPC
990 _cARTIGOS